Deutschland: Geografie mit I - Statistiken

Allgemein
  • Dieses Quiz wurde 582 mal gespielt
  • Das Durchschnittsergebnis liegt bei 8 aus 12
Antwortstatistiken
Hinweis Antwort % Korrekt
München liegt an diesem Fluss Isar
97%
Mainau, Sylt oder Fehmarn sind Beispiele für deutsche _____ Inseln
95%
Bayerische Stadt an der Donau, in der der Automobilhersteller Audi seinen Sitz hat Ingolstadt
93%
Fluss, der in der Schweiz entspringt, dann durch Österreich und Bayern fließt und in Passau in die Donau mündet Inn
91%
Für diese Hochgeschwindigkeitszüge der Deutschen Bahn gibt es in Deutschland ein Netz mit etwa 180 Bahnhöfen ICE
90%
Die Stadt in Rheinland-Pfalz gilt als Zentrum der deutschen Edelsteinindustrie {Idar}-Oberstein
74%
In Berlin teilen sich Schweden, Dänemark, Finnland, Norwegen und dieses Land ein Botschaftsgebäude Island
73%
Kreisstadt des schleswig-holsteinischen Kreises Steinburg mit dem KFZ-Kennzeichen IZ Itzehoe
65%
Fluss, der bei Ulm in die Donau mündet Iller
48%
Mit knapp 100.000 Einwohnern die größte Stadt im Sauerland, deren Bewohner auf eine Betonung auf der letzten Silbe Wert legen Iserlohn
45%
In Altjeßnitz in Sachsen-Anhalt gibt es das älteste erhaltene Exemplar eines solchen Heckenlabyrinths Irrgarten
38%
Fünftgrößte Stadt im Saarland, die zwischen Saarbrücken und Neunkirchen liegt St. {Ingbert}
37%
Keine übereinstimmenden Quizze gefunden
Verteilung der Resultate
Anzahl Personen mit jedem Resultat
Perzentil nach korrekt beantworteten Fragen
Ihre Resultats-Entwicklung
Sie haben dieses Quiz noch nicht gespielt